Glee Characters by Picture Quiz Stats

 Plays Quiz not verified by Sporcle

Challenge
Share
Tweet
Score 0/62 Timer 10:00
0 Plays Today
% Correct
Rachel Berry
99.2%
Finn Hudson
99%
Will Schuester
97.9%
Sue Sylvester
97.9%
Kurt Hummel
96.9%
Tina Cohen-Chang
96.4%
Noah Puckerman
96.1%
Mercedes Jones
95.9%
Artie Abrams
95.9%
Quinn Fabray
95.9%
Santana Lopez
95.4%
Mike Chang
94.6%
Sam Evans
94.6%
Blaine Anderson
94.3%
Emma Pillsbury
93.8%
Brittany S. Pierce
93.1%
Marley Rose
90.5%
Kitty Wilde
89.5%
Burt Hummel
89.2%
Jake Puckerman
88.9%
Rory Flanagan
87.9%
Terri Schuester
87.9%
Wade 'Unique' Adams
87.1%
Ryder Lynn
86.6%
Sugar Motta
86.6%
Dave Karofsky
86.1%
Becky Jackson
86.1%
Lauren Zizes
85.3%
Jesse St. James
84.1%
Joe Hart
82.3%
Principal Figgins
81.7%
% Correct
Matt Rutherford
81%
Shelby Corcoran
81%
Ken Tanaka
78.9%
Sebastian Smythe
78.4%
Brody Weston
77.4%
Jacob Ben Israel
75.3%
Holly Holliday
74.6%
Shannon (Sheldon) Beiste
74.3%
April Rhodes
74%
Carole Hudson-Hummel
73.8%
Jean Sylvester
66.6%
Dr. Carl Howell
66.1%
Dani
65.8%
Jane Hayward
65%
Mason McCarthy
65%
Brad
64.3%
Sandy Ryerson
63.2%
Roderick Meeks
62%
Madison McCarthy
61.7%
Roz Washington
59.6%
Spencer Porter
59.4%
Carmen Tibideaux
57.6%
Cassandra July
57.3%
Rod Remington
56.6%
Myron Muskovitz
53.5%
Elliott Gilbert
49.4%
Rick 'The Stick'
47%
Howard Bamboo
46.8%
Cooter Menkins
40.1%
Stoner Brett
37.5%
Alistair
35.2%

You're not logged in!

Compare scores with friends on all Sporcle quizzes.
Join for Free
OR
Log In

You Might Also Like...

Show Comments

Extras

Top Quizzes Today


Score Distribution

Your Account Isn't Verified!

In order to create a playlist on Sporcle, you need to verify the email address you used during registration. Go to your Sporcle Settings to finish the process.

Report this User

Report this user for behavior that violates our Community Guidelines.

Details: